Statistiques concernant Acronymes Français de 2 Lettres #1

Cliquez ici pour prendre le quiz!

Statistiques générales

  • Ce quiz a été pris 171 fois
  • Le résultat moyen est 18 sur 30

Statistiques - réponses

AcronymeIndiceRéponse% Correct
JOsportJeux Olympiques
96%
BDcultureBande-Dessinée
94%
JCreligionJésus Christ
89%
HScasséHors-Service
88%
JTtéléJournal Télévisé
88%
CBargentCarte Bancaire
86%
GBgeographieGrande-Bretagne
86%
BOcinémaBande Originale
85%
CVemploiCurriculum Vitae
83%
BGjeuneBeau Gosse
82%
DMscolaireDevoir Maison
77%
ETspielbergExtra-Terrestre
77%
IArobotiqueIntelligence Artificielle
72%
HQvidéoHaute Qualité
70%
ESbacEconomique et Social
61%
ASsaint-étienneAssociation Sportive
59%
GPmotoGrand Prix
59%
CPscolaireCours Préparatoire
52%
CAcomptabilitéChiffre d'Affaire
49%
AGbureauAssemblée Générale
46%
HPsoinsHôpital Psychiatrique
42%
CEmanagementComité d'Entreprise
41%
BAquotidienBonne Action
39%
ABnourritureAgriculture Biologique
38%
HFemploiHomme / Femme
36%
AAdépendanceAlcooliques Anonymes
30%
ADharry potterArmée de Dumbledore
20%
BLcourierBon de Livraison
16%
DAbureauDirecteur Artistique
5%
AVtéléAudio / Vidéo
4%

Distribution des résultats

Percentile par nombre de réponses

% des personnes avec chaque résultat

Votre développement - résultats

Vous n’avez pas pris ce quiz